Technology for success : (Record no. 94031)
[ view plain ]
| 000 -LEADER | |
|---|---|
| fixed length control field | 01023nam a22003137a 4500 |
| 003 - CONTROL NUMBER IDENTIFIER | |
| control field | OSt |
| 005 - DATE AND TIME OF LATEST TRANSACTION | |
| control field | 20260327110432.0 |
| 008 - FIXED-LENGTH DATA ELEMENTS--GENERAL INFORMATION | |
| fixed length control field | 260327b |||||||| |||| 00| 0 eng d |
| 020 ## - INTERNATIONAL STANDARD BOOK NUMBER | |
| International Standard Book Number | 9780357883235 |
| 040 ## - CATALOGING SOURCE | |
| Transcribing agency | HS LRC |
| 050 ## - LIBRARY OF CONGRESS CALL NUMBER | |
| Classification number | QA 76.9.C64 |
| Item number | .C187 2026 |
| 100 ## - MAIN ENTRY--PERSONAL NAME | |
| Personal name | Campbell, Jennifer T. |
| 9 (RLIN) | 112626 |
| 245 ## - TITLE STATEMENT | |
| Title | Technology for success : |
| Remainder of title | computer concepts / |
| Statement of responsibility, etc. | Jennifer T. Campbell, Mark Ciampa, Barbara Clemens, Steven M. Freund, Mark Frydenberg, Ralph E. Hooper, Lisa Ruffolo, Jill West |
| 250 ## - EDITION STATEMENT | |
| Edition statement | 2nd ed. |
| 260 ## - PUBLICATION, DISTRIBUTION, ETC. (IMPRINT) | |
| Place of publication, distribution, etc. | Australia : |
| Name of publisher, distributor, etc. | Cengage, |
| Date of publication, distribution, etc. | c2026. |
| 265 ## - SOURCE FOR ACQUISITION/SUBSCRIPTION ADDRESS [OBSOLETE] | |
| Source for acquisition/subscription address | ForeFront Book Co., Inc. |
| 300 ## - PHYSICAL DESCRIPTION | |
| Extent | xx, 413 pages : |
| Other physical details | color illustrations ; |
| Dimensions | 28 cm. |
| 365 ## - TRADE PRICE | |
| Price amount | 9,460.00 |
| 504 ## - BIBLIOGRAPHY, ETC. NOTE | |
| Bibliography, etc | Includes index. |
| 650 ## - SUBJECT ADDED ENTRY--TOPICAL TERM | |
| Topical term or geographic name as entry element | Computer literacy |
| 9 (RLIN) | 33905 |
| 700 ## - ADDED ENTRY--PERSONAL NAME | |
| Personal name | Ciampa, Mark |
| 9 (RLIN) | 78878 |
| 700 ## - ADDED ENTRY--PERSONAL NAME | |
| Personal name | Clemens, Barbara |
| 9 (RLIN) | 131505 |
| 700 ## - ADDED ENTRY--PERSONAL NAME | |
| Personal name | Freund, Steven M. |
| 9 (RLIN) | 108296 |
| 700 ## - ADDED ENTRY--PERSONAL NAME | |
| Personal name | Frydenberg, Mark |
| 9 (RLIN) | 125515 |
| 700 ## - ADDED ENTRY--PERSONAL NAME | |
| Personal name | Hooper, Ralph E. |
| 9 (RLIN) | 131506 |
| 700 ## - ADDED ENTRY--PERSONAL NAME | |
| Personal name | Ruffolo, Lisa |
| 9 (RLIN) | 24324 |
| 700 ## - ADDED ENTRY--PERSONAL NAME | |
| Personal name | West, Jill |
| 942 ## - ADDED ENTRY ELEMENTS (KOHA) | |
| Source of classification or shelving scheme | Library of Congress Classification |
| Koha item type | Books |
| Withdrawn status | Lost status | Source of classification or shelving scheme | Damaged status | Not for loan | Collection code | Home library | Current library | Shelving location | Date acquired | Source of acquisition | Cost, normal purchase price | Inventory number | Total Checkouts | Full call number | Barcode | Date last seen | Copy number | Cost, replacement price | Price effective from | Koha item type |
|---|---|---|---|---|---|---|---|---|---|---|---|---|---|---|---|---|---|---|---|---|
| Library of Congress Classification | Circulation | DLSU-D HS Learning Resource Center | DLSU-D HS Learning Resource Center | Circulation | 06/24/2025 | HS LRC SY 2024-2025 | 9460.00 | CIR-002387 | QA 76.9.C64 .C187 2026 | 3HS00000002387 | 03/27/2026 | 002387 | 9460.00 | 03/27/2026 | Books |









